Working the street : police discretion and the dilemmas of reform /

Bibliographic Details
Main Author: Brown, Michael K.
Format: Book
Language:English
Published: New York : Russell Sage Foundation, [1981]
Series:Publications of Russell Sage Foundation.
Subjects:

MARC

Tag First Indicator Second Indicator Subfields
LEADER 00000cam a22000008a 4500
001 in00000091475
005 20151008063953.0
008 810610s1981 nyu b 00110 eng
010 |a  80069175  
020 |a 0871541904 :  |c $15.00 
035 |a (OCoLC)07574427 
035 |9 AAK3281AM 
039 0 |a 2  |b 3  |c 3  |d 3  |e 3 
040 |a DLC  |c DLC  |d TXA  |d UtOrBLW 
043 |a n-us-ca  |a n-us--- 
049 |a TXAM  |c [951926] 
050 0 0 |a HV7936.D54  |b B76 
082 0 |a 363.2/32  |2 19 
100 1 |a Brown, Michael K. 
245 1 0 |a Working the street :  |b police discretion and the dilemmas of reform /  |c Michael K. Brown. 
263 |a 8109 
264 1 |a New York :  |b Russell Sage Foundation,  |c [1981] 
264 4 |c ©1981 
300 |a xvi, 349 pages ;  |c 24 cm. 
336 |a text  |b txt  |2 rdacontent 
337 |a unmediated  |b n  |2 rdamedia 
338 |a volume  |b nc  |2 rdacarrier 
490 1 |a Publications of Russell Sage Foundation 
500 |a Includes index. 
504 |a Bibliography: pages 329-338. 
650 0 |a Police discretion  |z California. 
650 0 |a Police patrol  |z California. 
650 0 |a Police discretion  |x Political aspects  |z California. 
650 0 |a Police  |z California. 
650 0 |a Police-community relations. 
650 0 |a Police discretion  |z United States. 
830 0 |a Publications of Russell Sage Foundation. 
999 |a MARS 
999 f f |s 11298c18-0c78-3688-975b-94e002e62c3a  |i 7e680761-0c61-3c16-8ab4-6ac32e5c1d41  |t 0 
952 f f |p ric  |a Texas A&M University  |b Rellis Campus  |c Joint Library Facility  |d Remote Storage  |t 0  |e HV7936.D54 B76  |h Library of Congress classification  |i unmediated -- volume  |m A14806147051 
998 f f |a HV7936.D54 B76  |t 0  |l Remote Storage